<?xml version="1.0" encoding="UTF-8"?><?xml-stylesheet type="text/xsl" href="static/style.xsl"?><OAI-PMH xmlns="http://www.openarchives.org/OAI/2.0/" xmlns:xsi="http://www.w3.org/2001/XMLSchema-instance" xsi:schemaLocation="http://www.openarchives.org/OAI/2.0/ http://www.openarchives.org/OAI/2.0/OAI-PMH.xsd"><responseDate>2026-06-05T15:02:36Z</responseDate><request verb="GetRecord" identifier="oai:riuma.uma.es:10630/13428" metadataPrefix="marc">https://riuma.uma.es/rest/oai/request</request><GetRecord><record><header><identifier>oai:riuma.uma.es:10630/13428</identifier><datestamp>2026-02-03T10:27:31Z</datestamp><setSpec>com_10630_1685</setSpec><setSpec>col_10630_38056</setSpec></header><metadata><record xmlns="http://www.loc.gov/MARC21/slim" xmlns:dcterms="http://purl.org/dc/terms/" xmlns:doc="http://www.lyncode.com/xoai" xmlns:xsi="http://www.w3.org/2001/XMLSchema-instance" xsi:schemaLocation="http://www.loc.gov/MARC21/slim http://www.loc.gov/standards/marcxml/schema/MARC21slim.xsd">
   <leader>00925njm 22002777a 4500</leader>
   <datafield ind2=" " ind1=" " tag="042">
      <subfield code="a">dc</subfield>
   </datafield>
   <datafield ind2=" " ind1=" " tag="720">
      <subfield code="a">Mañas-Padilla, María del Carmen</subfield>
      <subfield code="e">author</subfield>
   </datafield>
   <datafield ind2=" " ind1=" " tag="260">
      <subfield code="c">2017-04-05</subfield>
   </datafield>
   <datafield ind2=" " ind1=" " tag="520">
      <subfield code="a">El duelo es una experiencia humana universal, única y dolorosa que puede delimitarse en el tiempo, presenta una evolución previsiblemente favorable y requiere la necesidad de adaptación a la nueva situación. No obstante, cuando no sigue el curso esperado, se le suele denominar duelo complicado (DC), patológico o persistente. Una de las variables asociadas a un peor proceso del duelo es el haber sufrido la muerte traumática de un ser querido. El propósito de este estudio fue realizar una revisión sistemática para poder responder a la cuestión de, si existen variables que puedan predecir las complicaciones en el duelo a largo plazo, tras una muerte traumática. Se llevó a cabo una búsqueda electrónica de los artículos publicados en inglés y en español a través de las bases de datos PubMed y PsycInfo, encontrando 14 trabajos empíricos. Los resultados sugieren un acuerdo en que, el apoyo social y estrategias de afrontamiento adecuadas se relacionan con menos niveles de duelo. Sin embargo, los resultados son diversos con respecto al resto de variables analizadas (género, edad, TEPT…) y no permiten obtener conclusiones claras. Es necesario ampliar la investigación en este campo con el objetivo de profundizar en el conocimiento sobre qué factores permiten explicar y el duelo complicado tras una muerte traumática</subfield>
   </datafield>
   <datafield ind1="8" ind2=" " tag="024">
      <subfield code="a">http://hdl.handle.net/10630/13428</subfield>
   </datafield>
   <datafield tag="653" ind2=" " ind1=" ">
      <subfield code="a">Duelo - Aspectos psicológicos</subfield>
   </datafield>
   <datafield ind2="0" ind1="0" tag="245">
      <subfield code="a">Variables asociadas al Duelo Complicado tras una muerte traumática: Una revisión sistemática</subfield>
   </datafield>
</record>
</metadata></record></GetRecord></OAI-PMH>